[Event "XXVI Festival Conca della Presolana A"]
[Site "Bratto - Castione della Presolana ITA"]
[Date "2006.08.24"]
[Round "6"]
[White "Brunello, Sabino"]
[Black "Cebalo, Miso"]
[Result "0-1"]
[WhiteElo "2391"]
[BlackElo "2505"]
[PlyCount "80"]
[EventDate "2006.08.19"]

1. e4 c5 2. Nf3 d6 3. d4 cxd4 4. Nxd4 Nf6 5. Nc3 e6 6. g4 h6 7. Be3 Nc6 8. Nb3
a6 9. f4 Be7 10. Qe2 Qc7 11. O-O-O Bd7 12. Bg2 Rc8 13. h4 h5 14. g5 Ng4 15. Bg1
b5 16. Kb1 Na5 17. Nxa5 Qxa5 18. e5 dxe5 19. fxe5 b4 20. Ne4 Bb5 21. Qe1 O-O
22. Nd6 Rc7 23. Bd4 Bc6 24. Bxc6 Rxc6 25. Qe4 Qc7 26. g6 Bxd6 27. gxf7+ Rxf7
28. exd6 Rxd6 29. Be3 Qc6 30. Qxc6 Rxc6 31. Bg5 Rf2 32. Rd8+ Kh7 33. Bd2 a5 34.
c3 Rc4 35. cxb4 axb4 36. Rc1 Re4 37. Rc5 Nf6 38. Rc1 Nd5 39. Be1 Rfe2 40. Bg3
Rg4 0-1

[Event "XXVI Festival Conca della Presolana A"]
[Site "Bratto - Castione della Presolana ITA"]
[Date "2006.08.24"]
[Round "6"]
[White "Buratti, Marco"]
[Black "Nardelli, Marco"]
[Result "0-1"]
[WhiteElo "2018"]
[BlackElo "2123"]
[PlyCount "84"]
[EventDate "2006.08.19"]

1. e4 c5 2. Nc3 Nc6 3. Bc4 g6 4. d3 Bg7 5. Nge2 e6 6. O-O Nge7 7. Bg5 h6 8. Bd2
O-O 9. Qe1 d5 10. Bb3 a6 11. a4 b6 12. Nd1 Bb7 13. f3 b5 14. c3 c4 15. Bc2 cxd3
16. Bxd3 Ne5 17. Bc2 Nc4 18. Bc1 dxe4 19. fxe4 Nc6 20. b3 N4e5 21. Qg3 b4 22.
Be3 bxc3 23. Ndxc3 Nb4 24. Rad1 Qc7 25. Bb1 Rac8 26. Qh4 g5 27. Qh5 Ng6 28. e5
Nxe5 29. Bxg5 Qc5+ 30. Kh1 Ng6 31. Rd7 Bxg2+ 32. Kxg2 hxg5 33. Bxg6 fxg6 34.
Qxg6 Qc6+ 35. Ne4 Qxd7 36. Nxg5 Qd5+ 37. Rf3 Rxf3 38. Qh7+ Kf8 39. Nxf3 Qf5 40.
Qh4 Nd5 41. Qg3 Qe4 42. Qf2 Qxe2 0-1

[Event "XXVI Festival Conca della Presolana A"]
[Site "Bratto - Castione della Presolana ITA"]
[Date "2006.08.24"]
[Round "6"]
[White "Carosso, Andrea"]
[Black "Raselli, Claudio"]
[Result "1/2-1/2"]
[WhiteElo "2050"]
[BlackElo "2034"]
[PlyCount "74"]
[EventDate "2006.08.19"]

1. c4 e5 2. Nc3 d6 3. g3 f5 4. Bg2 Nf6 5. e3 Be7 6. Nge2 c6 7. Rb1 a5 8. a3 O-O
9. b4 Be6 10. d3 axb4 11. axb4 Nbd7 12. b5 d5 13. bxc6 bxc6 14. O-O Qc7 15.
cxd5 cxd5 16. d4 e4 17. Nf4 Qxc3 18. Nxe6 Rfb8 19. Rxb8+ Rxb8 20. Bd2 Qb2 21.
Ba5 Qa3 22. Bc7 Rc8 23. Be5 Qa6 24. Nf4 Qc4 25. Qb1 Qc6 26. Qb3 Bd6 27. Bxd6
Qxd6 28. Ra1 Rb8 29. Qc3 Qb6 30. Rc1 h6 31. Bf1 g5 32. Ne2 Kf7 33. Qa3 Qb4 34.
Qa7 Qb6 35. Qa4 Qb5 36. Qc2 Qb2 37. Qc6 Qb6 1/2-1/2

[Event "XXVI Festival Conca della Presolana A"]
[Site "Bratto - Castione della Presolana ITA"]
[Date "2006.08.24"]
[Round "6"]
[White "Castaldo, Folco"]
[Black "Godena, Michele"]
[Result "0-1"]
[WhiteElo "2336"]
[BlackElo "2528"]
[PlyCount "72"]
[EventDate "2006.08.19"]

1. e4 e5 2. Nf3 Nc6 3. Bb5 a6 4. Ba4 Nf6 5. O-O b5 6. Bb3 Bc5 7. a4 Bb7 8. d3
b4 9. Bg5 d6 10. Nbd2 h6 11. Be3 Nd7 12. a5 O-O 13. c3 bxc3 14. bxc3 Bxe3 15.
fxe3 Nc5 16. Bc4 Ne7 17. Qe2 Ng6 18. d4 Nxe4 19. Nxe4 Bxe4 20. Bxa6 c6 21. Nd2
Bd5 22. Ra3 Re8 23. Rfa1 exd4 24. cxd4 Nf4 25. Qf1 Nxg2 26. e4 Nh4 27. exd5
Qg5+ 28. Rg3 Qxd2 29. Qd3 Re1+ 30. Rxe1 Qxe1+ 31. Qf1 Qxa5 32. Bd3 Qxd5 33. Qf4
Ra1+ 34. Kf2 Ra2+ 35. Be2 Nf5 36. Rd3 c5 0-1

[Event "XXVI Festival Conca della Presolana A"]
[Site "Bratto - Castione della Presolana ITA"]
[Date "2006.08.24"]
[Round "6"]
[White "Ceccarini, Marco"]
[Black "Piemonti, Carlo"]
[Result "1/2-1/2"]
[WhiteElo "2140"]
[BlackElo "2058"]
[PlyCount "99"]
[EventDate "2006.08.19"]

1. d4 d5 2. Nf3 Nf6 3. e3 Bf5 4. c4 c6 5. Qb3 Qb6 6. Nc3 e6 7. Nh4 Qxb3 8. axb3
Bc2 9. c5 Bxb3 10. Ra3 Bc2 11. b4 Be7 12. b5 O-O 13. b6 a6 14. Ra2 Be4 15. f4
Nbd7 16. Nf3 Bxf3 17. gxf3 Rfe8 18. Bd3 g6 19. Ne2 Nh5 20. Ng3 Ng7 21. h4 Nf5
22. Nxf5 exf5 23. Rg2 Kh8 24. h5 Nf8 25. Rhg1 Ne6 26. Rh1 Rg8 27. Rgh2 g5 28.
Bxf5 gxf4 29. Bxe6 fxe6 30. exf4 Bf6 31. Bb2 Rg3 32. Kf2 Rgg8 33. Re1 Rae8 34.
Bc3 Kg7 35. Rg2+ Kf7 36. Reg1 Rxg2+ 37. Rxg2 Rg8 38. Rxg8 Kxg8 39. Kg3 Kf7 40.
Kg4 a5 41. f5 a4 42. fxe6+ Kxe6 43. f4 Be7 44. Bb2 Kf6 45. Bc1 Ke6 46. Ba3 Bf6
47. Bb2 a3 48. Ba1 Kf7 49. Bc3 Kg7 50. Ba1 1/2-1/2

[Event "XXVI Festival Conca della Presolana A"]
[Site "Bratto - Castione della Presolana ITA"]
[Date "2006.08.24"]
[Round "6"]
[White "Crippa, Gabriele"]
[Black "Ferro, Mario"]
[Result "0-1"]
[WhiteElo "2078"]
[BlackElo "2238"]
[PlyCount "72"]
[EventDate "2006.08.19"]

1. d4 g6 2. Nf3 Bg7 3. e3 f5 4. h3 d6 5. b3 Nf6 6. Bc4 c6 7. a4 Ne4 8. a5 Nd7
9. Bb2 e5 10. Nc3 d5 11. Bf1 O-O 12. Ne2 f4 13. h4 fxe3 14. fxe3 Ndf6 15. Nxe5
Ng4 16. Nxg4 Bxg4 17. Qc1 Qf6 18. Nf4 Rae8 19. Bd3 Bh6 20. Bxe4 Rxe4 21. O-O
Qxh4 22. Ba3 Rfe8 23. Bd6 Qg3 24. Qe1 Qxe3+ 25. Qxe3 Rxe3 26. Bc5 a6 27. c4
R8e4 28. Bd6 Rxd4 29. cxd5 Rxb3 30. Rae1 Bf3 31. gxf3 Bxf4 32. Re8+ Kg7 33.
Re7+ Kf6 34. Re4 Bxd6 35. Re6+ Kf5 36. Rxd6 Rxd5 0-1

[Event "XXVI Festival Conca della Presolana A"]
[Site "Bratto - Castione della Presolana ITA"]
[Date "2006.08.24"]
[Round "6"]
[White "Cugini, Verter"]
[Black "Costantini, Roberto"]
[Result "1/2-1/2"]
[WhiteElo "2209"]
[BlackElo "2293"]
[PlyCount "303"]
[EventDate "2006.08.19"]

1. e4 c5 2. g3 g6 3. Bg2 Bg7 4. Ne2 Nc6 5. O-O d6 6. d3 Nf6 7. Nbc3 O-O 8. h3
Rb8 9. Be3 b5 10. d4 b4 11. Nd5 Nd7 12. c3 bxc3 13. bxc3 Ba6 14. Re1 Rb2 15.
Nc1 e6 16. Nf4 cxd4 17. cxd4 e5 18. dxe5 Ndxe5 19. Nb3 Nc4 20. Nd3 Nxe3 21.
Rxe3 Bxd3 22. Rxd3 Qb6 23. Qf1 Nb4 24. Rf3 Nxa2 25. Rb1 Rxb1 26. Qxb1 Nc3 27.
Qc2 Rb8 28. Nc1 Qb2 29. Qxb2 Rxb2 30. Nd3 Rb1+ 31. Kh2 a5 32. Nf4 a4 33. Nd5
Rb3 34. Nxc3 Bxc3 35. Bf1 d5 36. exd5 a3 37. d6 a2 38. Rxc3 a1=Q 39. d7 Qxc3
40. d8=Q+ Kg7 41. Kg1 Rb1 42. Qd5 Rc1 43. h4 h6 44. Qe4 Qf6 45. Qd3 Qc3 46. Qe4
Qc6 47. Qd4+ Kh7 48. Qf4 Kg7 49. Qd4+ Kg8 50. Qd8+ Kh7 51. Qd3 Qc5 52. Qe2 Rc3
53. Qg4 Qe5 54. Qd7 Rc7 55. Qd3 Rc5 56. Qb3 Kg8 57. Qd3 Rc1 58. Qd2 Ra1 59. Qd3
Qf6 60. Qc4 Qe6 61. Qd3 Qh3 62. Qd8+ Kh7 63. Qd3 Rc1 64. Qe2 Qf5 65. Qe3 Qb1
66. Qe2 Qc2 67. Qb5 Qc5 68. Qe2 Kg7 69. Kg2 Rc2 70. Qe1 Qd4 71. Kg1 Kh7 72. Kg2
Qd2 73. Qxd2 Rxd2 74. Bc4 Kg7 75. Bb5 Rc2 76. Bd3 Rb2 77. Bc4 f5 78. Bd5 Kf6
79. Bg8 Rd2 80. Kf3 Rd3+ 81. Ke2 Ra3 82. Bc4 f4 83. gxf4 Rh3 84. Ba6 Rxh4 85.
Kf3 Rh3+ 86. Kg2 Rc3 87. f3 Ra3 88. Bb7 Ra1 89. Be4 Ra7 90. Kg3 Ra5 91. Kh4 Rb5
92. Bd3 Rh5+ 93. Kg3 Rh1 94. Be4 Ra1 95. Kh4 Rg1 96. Kh3 Rc1 97. Kh4 Ra1 98.
Kg4 Rc1 99. Kh4 Rc8 100. Kg4 Rg8 101. Kh4 Rg7 102. Kg4 g5 103. fxg5+ Rxg5+ 104.
Kf4 h5 105. Bb7 h4 106. Bc8 Rc5 107. Bh3 Rc4+ 108. Ke3 Ke5 109. Bg4 Ra4 110.
Kf2 Ra2+ 111. Ke3 Ra3+ 112. Kf2 Kf4 113. Kg2 Ra2+ 114. Kh3 Rb2 115. Bh5 Rb1
116. Bg4 Rc1 117. Kg2 Ra1 118. Kh3 Rg1 119. Kh2 Rg3 120. Kh1 Kg5 121. Kh2 Kg6
122. Bd7 Rxf3 123. Bc8 Kg5 124. Bd7 Rf7 125. Be6 Re7 126. Bc8 Kf4 127. Kh3 Re3+
128. Kh2 Kg5 129. Bd7 Rc3 130. Be6 Kf4 131. Bd7 h3 132. Be6 Kg5 133. Bxh3 Kh4
134. Be6 Rc2+ 135. Kg1 Kg3 136. Kf1 Kf3 137. Bd5+ Ke3 138. Bb7 Rf2+ 139. Kg1
Rb2 140. Bc6 Rf2 141. Bb7 Rf8 142. Bc6 Rg8+ 143. Kf1 Rb8 144. Kg2 Rb2+ 145. Kf1
Rf2+ 146. Kg1 Rf6 147. Bb7 Kf4 148. Kg2 Rb6 149. Bd5 Rb5 150. Bc6 Rc5 151. Bb7
Kg4 152. Kf2 1/2-1/2

[Event "XXVI Festival Conca della Presolana A"]
[Site "Bratto - Castione della Presolana ITA"]
[Date "2006.08.24"]
[Round "6"]
[White "Di Lascio, Savino"]
[Black "Faccia, Sergio"]
[Result "0-1"]
[WhiteElo "2048"]
[BlackElo "2035"]
[PlyCount "140"]
[EventDate "2006.08.19"]

1. Nf3 Nc6 2. g3 e5 3. d3 d5 4. Bg2 Bg4 5. h3 Be6 6. Nbd2 Qd7 7. e4 O-O-O 8.
Ng5 Nf6 9. a3 dxe4 10. Nxe6 Qxe6 11. Nxe4 Nxe4 12. Bxe4 f5 13. Bxc6 Qxc6 14.
O-O Bc5 15. Bg5 Qg6 16. Bh4 h6 17. Kh2 Rd7 18. f4 Qe6 19. Qf3 e4 20. Rae1 Qg8
21. dxe4 g5 22. fxg5 hxg5 23. Qxf5 gxh4 24. g4 Qf8 25. Rd1 Bd6+ 26. Kg2 Qe8 27.
Qd5 Qe5 28. Qxe5 Bxe5 29. Rxd7 Kxd7 30. b3 Ke6 31. Rf5 Rd8 32. Rf2 Bg3 33. Re2
Ke5 34. Kf3 Rd1 35. g5 Rf1+ 36. Kg4 Rf4+ 37. Kh5 Rf8 38. Kg4 b6 39. c3 Ke6 40.
Re3 Kf7 41. Rf3+ Kg7 42. Rf5 Re8 43. Kf3 Kg6 44. c4 Re5 45. Rxe5 Bxe5 46. Kg4
Bg3 47. e5 Bxe5 48. Kxh4 Bf4 49. Kg4 Bxg5 50. h4 Be7 51. h5+ Kh6 52. b4 a6 53.
Kf5 Kxh5 54. Ke6 Bd6 55. Kd5 Kg5 56. Kc6 Kf5 57. c5 bxc5 58. bxc5 Bf4 59. a4
Ke6 60. a5 Bg3 61. Kb7 Kd5 62. Kxa6 Kxc5 63. Kb7 Kd6 64. Ka6 Kc6 65. Ka7 Bf2+
66. Ka6 Kd5 67. Kb5 c6+ 68. Ka4 Kc4 69. a6 Ba7 70. Ka3 Kb5 0-1

[Event "XXVI Festival Conca della Presolana A"]
[Site "Bratto - Castione della Presolana ITA"]
[Date "2006.08.24"]
[Round "6"]
[White "Efimov, Igor"]
[Black "Lanzani, Mario"]
[Result "1-0"]
[WhiteElo "2439"]
[BlackElo "2331"]
[PlyCount "53"]
[EventDate "2006.08.19"]

1. d4 d5 2. Nf3 Nf6 3. c4 c6 4. e3 g6 5. Bd3 Bg7 6. O-O O-O 7. Nc3 Bg4 8. h3
Bxf3 9. Qxf3 e6 10. Rd1 Nbd7 11. Qe2 Re8 12. Qc2 Qc7 13. Bd2 Rac8 14. Rac1 Qb8
15. Be1 a6 16. b4 b5 17. cxb5 cxb5 18. a4 e5 19. axb5 exd4 20. exd4 axb5 21.
Qa2 Rc4 22. Bxc4 bxc4 23. Qa5 Qd6 24. Bd2 Nf8 25. b5 Ne6 26. Be3 Nd7 27. Qa6
1-0

[Event "XXVI Festival Conca della Presolana A"]
[Site "Bratto - Castione della Presolana ITA"]
[Date "2006.08.24"]
[Round "6"]
[White "Frilli, Guido"]
[Black "Bentivegna, Francesco"]
[Result "0-1"]
[WhiteElo "2154"]
[BlackElo "2269"]
[PlyCount "112"]
[EventDate "2006.08.19"]

1. e4 e5 2. Nf3 Nc6 3. Nc3 Nf6 4. Bb5 Nd4 5. Ba4 Bc5 6. d3 O-O 7. O-O d6 8. h3
c6 9. Nxd4 Bxd4 10. Ne2 Bb6 11. c3 d5 12. Ng3 Be6 13. Qe2 Re8 14. Rd1 Nd7 15.
Bc2 f6 16. Qh5 g6 17. Qf3 Qe7 18. Nf1 f5 19. exf5 Bxf5 20. Ne3 Rf8 21. Qg3 Be6
22. Rf1 Nf6 23. Qh4 Qf7 24. Ng4 Nxg4 25. hxg4 Qd7 26. Bh6 Rf7 27. Rae1 Bc7 28.
f3 c5 29. Bb3 b5 30. Be3 c4 31. Bc2 d4 32. Bc1 dxc3 33. dxc4 Bxc4 34. Rd1 Qe7
35. Qxe7 Rxe7 36. Bb3 Bb6+ 37. Kh1 c2 38. Bxc4+ bxc4 39. Rd2 e4 40. fxe4 Rxe4
41. Rxc2 Rf8 42. Rxf8+ Kxf8 43. Kh2 Rxg4 44. b3 cxb3 45. axb3 Kf7 46. Ba3 Rg5
47. Rc4 h5 48. Bd6 Rd5 49. Bb8 Rd7 50. Rc6 Bd4 51. Bf4 Bf6 52. Rc5 Ke6 53. Ra5
Bd4 54. Rg5 Kf7 55. Rb5 Bb6 56. Bb8 Rb7 0-1

[Event "XXVI Festival Conca della Presolana A"]
[Site "Bratto - Castione della Presolana ITA"]
[Date "2006.08.24"]
[Round "6"]
[White "Gasperoni, Stefano"]
[Black "Bonazzi, Edoardo"]
[Result "0-1"]
[WhiteElo "2009"]
[BlackElo "2151"]
[PlyCount "132"]
[EventDate "2006.08.19"]

1. e4 c6 2. Nf3 d5 3. exd5 cxd5 4. Ne5 Nf6 5. d4 g6 6. Bd3 Bg7 7. c3 O-O 8. Nd2
Nc6 9. Ndf3 Ng4 10. Nxc6 bxc6 11. h3 Nh6 12. O-O Qd6 13. Qe2 Bf5 14. Nh4 Bxd3
15. Qxd3 f6 16. f4 e5 17. fxe5 fxe5 18. Rxf8+ Rxf8 19. dxe5 Qxe5 20. Nf3 Qc7
21. Nd4 Qb6 22. b4 Bxd4+ 23. cxd4 Nf5 24. Bb2 Rb8 25. Bc3 Qb5 26. Qd2 Nd6 27.
Rf1 Ne4 28. Qf4 Qb7 29. Be1 Re8 30. Bh4 Qg7 31. Bf6 Nxf6 32. Qxf6 Qxf6 33. Rxf6
Re1+ 34. Kf2 Rc1 35. a4 Rc4 36. b5 cxb5 37. axb5 Rxd4 38. Ra6 Rb4 39. Rxa7 Rxb5
40. Rd7 Rb2+ 41. Kf3 Rd2 42. g3 Rd3+ 43. Kf4 h6 44. h4 h5 45. Ke5 d4 46. Rxd4
Rxg3 47. Rd7 Rf3 48. Ra7 Rf5+ 49. Ke6 Rf4 50. Rb7 Rxh4 51. Kf6 Rg4 52. Rg7+ Kf8
53. Rh7 Ke8 54. Ke6 Kd8 55. Kf6 h4 56. Ke5 g5 57. Kd6 Rd4+ 58. Ke5 Rd3 59. Rg7
Rg3 60. Kd6 Ke8 61. Ke6 Kf8 62. Rh7 h3 63. Kf6 Ke8 64. Kf5 g4 65. Kg5 Rg2 66.
Kf4 h2 0-1

[Event "XXVI Festival Conca della Presolana A"]
[Site "Bratto - Castione della Presolana ITA"]
[Date "2006.08.24"]
[Round "6"]
[White "Guanciale, Orazio"]
[Black "Lapenna, Antonio"]
[Result "0-1"]
[WhiteElo "2156"]
[BlackElo "2079"]
[PlyCount "72"]
[EventDate "2006.08.19"]

1. e4 c5 2. Nf3 d6 3. d4 Nf6 4. Nc3 cxd4 5. Qxd4 Bd7 6. Bg5 Nc6 7. Qd2 a6 8.
Bc4 e6 9. O-O b5 10. Bb3 b4 11. Bxf6 Qxf6 12. Na4 Qd8 13. Qe3 Rb8 14. e5 d5 15.
Nc5 d4 16. Nxd4 Bxc5 17. Nxc6 Bxe3 18. Nxd8 Bc5 19. Nxf7 Kxf7 20. Bc4 Bb5 21.
Bxb5 axb5 22. Rfd1 Rhd8 23. c3 bxc3 24. bxc3 Ra8 25. Rxd8 Rxd8 26. h3 Rd2 27.
a4 bxa4 28. Rxa4 Bxf2+ 29. Kf1 Bg3 30. Ra7+ Kf8 31. Ra8+ Kf7 32. Ra7+ Kg6 33.
Re7 Rf2+ 34. Kg1 Rc2 35. Kf1 Rf2+ 36. Kg1 Re2 0-1

[Event "XXVI Festival Conca della Presolana A"]
[Site "Bratto - Castione della Presolana ITA"]
[Date "2006.08.24"]
[Round "6"]
[White "Guido, Flavio"]
[Black "Bruno, Fabio"]
[Result "1-0"]
[WhiteElo "2323"]
[BlackElo "2388"]
[PlyCount "57"]
[EventDate "2006.08.19"]

1. e4 c5 2. Nf3 e6 3. c3 Nf6 4. e5 Nd5 5. d4 cxd4 6. cxd4 d6 7. Bc4 Nc6 8. O-O
Be7 9. Qe2 O-O 10. Nc3 Nxc3 11. bxc3 dxe5 12. dxe5 Qc7 13. Qe4 b6 14. Bg5 Rd8
15. Bd3 Bxg5 16. Qxh7+ Kf8 17. Nxg5 Qxe5 18. Qh5 g6 19. Bxg6 Qg7 20. Bxf7 Rd5
21. f4 Ke7 22. Rae1 Nd8 23. Bg6 Ba6 24. Be4 Bxf1 25. Bxd5 Qxc3 26. Nf3 Rc8 27.
Kxf1 Rc5 28. Qh7+ Kd6 29. Bb3 1-0

[Event "XXVI Festival Conca della Presolana A"]
[Site "Bratto - Castione della Presolana ITA"]
[Date "2006.08.24"]
[Round "6"]
[White "Komarov, Dimitri"]
[Black "Bellia, Fabrizio"]
[Result "1-0"]
[WhiteElo "2530"]
[BlackElo "2392"]
[PlyCount "55"]
[EventDate "2006.08.19"]

1. Nf3 Nf6 2. c4 e6 3. Nc3 d5 4. d4 c6 5. Bg5 h6 6. Bxf6 Qxf6 7. g3 Nd7 8. Bg2
g6 9. O-O Bg7 10. e4 dxe4 11. Nxe4 Qe7 12. c5 O-O 13. Re1 b6 14. b4 Nf6 15. Ne5
Nxe4 16. Nxc6 Qc7 17. Bxe4 Bb7 18. Ne5 Bxe4 19. Rxe4 Rfd8 20. Rc1 bxc5 21. bxc5
Rd5 22. Qf3 Rad8 23. c6 f5 24. Ree1 Kh7 25. Nd3 R5d6 26. Nf4 Qf7 27. Qb3 Rc8
28. Nxe6 1-0

[Event "XXVI Festival Conca della Presolana A"]
[Site "Bratto - Castione della Presolana ITA"]
[Date "2006.08.24"]
[Round "6"]
[White "Lampl, Gerald"]
[Black "Alberton, Roberto"]
[Result "1/2-1/2"]
[WhiteElo "1826"]
[BlackElo "2128"]
[PlyCount "52"]
[EventDate "2006.08.19"]

1. d4 Nf6 2. Nf3 d5 3. c4 c6 4. cxd5 cxd5 5. Nc3 Nc6 6. Bf4 g6 7. e3 a6 8. Bd3
Bg7 9. h3 O-O 10. O-O b5 11. a4 b4 12. Na2 Qb6 13. Qb3 Bb7 14. Ne5 a5 15. Nxc6
Bxc6 16. Nc3 Qb7 17. Nb5 Rfc8 18. Rac1 Nd7 19. Rc2 Bxb5 20. Bxb5 Rxc2 21. Qxc2
Rc8 22. Qd2 Nb6 23. Rc1 Nc4 24. Qe2 e5 25. dxe5 Nxe5 26. Rd1 Rd8 1/2-1/2

[Event "XXVI Festival Conca della Presolana A"]
[Site "Bratto - Castione della Presolana ITA"]
[Date "2006.08.24"]
[Round "6"]
[White "Lava, Giovanni"]
[Black "Ricca, Giorgio"]
[Result "1-0"]
[WhiteElo "2232"]
[BlackElo "2078"]
[PlyCount "79"]
[EventDate "2006.08.19"]

1. d4 d5 2. Nf3 Nf6 3. c4 dxc4 4. e3 e6 5. Bxc4 c5 6. O-O a6 7. dxc5 Bxc5 8.
Qxd8+ Kxd8 9. Nbd2 b5 10. Be2 Bb7 11. Nb3 Bd6 12. Na5 Bd5 13. Rd1 Ke7 14. Nd4
Ra7 15. f3 Rc7 16. e4 Ba8 17. a4 b4 18. Nc4 Bc5 19. Kf1 Rd8 20. Bf4 Rcd7 21.
Nb3 Ba7 22. Rxd7+ Rxd7 23. Bxb8 Bxb8 24. Nb6 Bb7 25. Nxd7 Nxd7 26. Na5 Ba8 27.
Bxa6 Bc7 28. Nb3 Bxh2 29. Rc1 Be5 30. a5 f5 31. Rc8 Nb8 32. Bd3 Bb7 33. Rc2
fxe4 34. Bxe4 Ba6+ 35. Ke1 h5 36. Nc5 Bb5 37. Bd3 b3 38. Rd2 Bxd3 39. Rxd3 Bd6
40. Rxb3 1-0

[Event "XXVI Festival Conca della Presolana A"]
[Site "Bratto - Castione della Presolana ITA"]
[Date "2006.08.24"]
[Round "6"]
[White "Lovati, Paolo"]
[Black "Gazzarri, Alberto"]
[Result "1-0"]
[WhiteElo "2069"]
[BlackElo "2143"]
[PlyCount "137"]
[EventDate "2006.08.19"]

1. c4 c6 2. Nf3 d5 3. b3 Nf6 4. Bb2 e6 5. g3 Bd6 6. Bg2 Nbd7 7. O-O Qe7 8. d3
O-O 9. Qc1 e5 10. cxd5 cxd5 11. Nc3 a6 12. Nh4 Nb6 13. e4 d4 14. Ne2 g6 15. Qg5
Nfd5 16. Qxe7 Nxe7 17. f4 f6 18. fxe5 fxe5 19. Rxf8+ Kxf8 20. Rf1+ Kg8 21. Nf3
Bd7 22. Nc1 h6 23. Rf2 Rc8 24. h4 Be6 25. Kh2 Bf7 26. Bh3 Rc7 27. Kg2 Nbc8 28.
Nh2 Kg7 29. Ng4 Ng8 30. Ne2 Rc2 31. Ng1 Rxf2+ 32. Nxf2 Nce7 33. Nf3 Nf6 34. Bc1
Be8 35. g4 Nd7 36. Ne1 Nc5 37. Bd2 b6 38. Kf3 a5 39. Ke2 Bf7 40. Nh1 Nc6 41.
Ng3 Nxb3 42. axb3 Bxb3 43. h5 a4 44. Bc1 a3 45. Bxa3 Bxa3 46. hxg6 Kxg6 47. Nf3
Bc1 48. g5 Bf4 49. Bf5+ Kf7 50. g6+ Ke7 51. Nh5 b5 52. g7 Kd6 53. Bh7 Be3 54.
g8=Q Bxg8 55. Bxg8 b4 56. Kd1 Nd8 57. Nh4 Kc6 58. Nf5 Bg5 59. Bd5+ Kb5 60. Kc2
Nc6 61. Bxc6+ Kxc6 62. Kb3 Kc5 63. Nfg7 Bd2 64. Ne6+ Kb5 65. Nf8 Kc5 66. Ng6
Bf4 67. Nhxf4 exf4 68. Nh4 h5 69. Nf3 1-0

[Event "XXVI Festival Conca della Presolana A"]
[Site "Bratto - Castione della Presolana ITA"]
[Date "2006.08.24"]
[Round "6"]
[White "Lucaroni, Massimiliano"]
[Black "Milazzo, Mario"]
[Result "1/2-1/2"]
[WhiteElo "2293"]
[BlackElo "2110"]
[PlyCount "46"]
[EventDate "2006.08.19"]

1. e4 e5 2. Bc4 Nf6 3. d3 c6 4. Nf3 d5 5. Bb3 Bd6 6. exd5 Nxd5 7. O-O O-O 8.
Re1 Qc7 9. Nbd2 Bg4 10. h3 Bh5 11. Nc4 Nd7 12. d4 exd4 13. g4 Bg6 14. Nxd6 Qxd6
15. Qxd4 Qf6 16. Qxf6 N5xf6 17. Ne5 Nxe5 18. Rxe5 Rfe8 19. Rxe8+ Rxe8 20. Be3
a6 21. Re1 Nd5 22. Bd2 Rxe1+ 23. Bxe1 Nf4 1/2-1/2

[Event "XXVI Festival Conca della Presolana A"]
[Site "Bratto - Castione della Presolana ITA"]
[Date "2006.08.24"]
[Round "6"]
[White "Maccagno, Giancarlo"]
[Black "Stips, Felix"]
[Result "1-0"]
[WhiteElo "2093"]
[BlackElo "1874"]
[PlyCount "103"]
[EventDate "2006.08.19"]

1. e4 c5 2. Nf3 e6 3. d3 Nc6 4. g3 g6 5. Bg2 Bg7 6. O-O Nge7 7. Re1 d6 8. Na3
O-O 9. Nc4 b5 10. Ne3 Rb8 11. h4 b4 12. Ng4 Kh8 13. Rb1 f5 14. Nh6 Ng8 15. Nxg8
Kxg8 16. exf5 Rxf5 17. Bh3 Rxf3 18. Qxf3 Nd4 19. Qd1 Bb7 20. Bg2 Qf6 21. Bg5
Qf5 22. g4 Qf7 23. Bxb7 Qxb7 24. Re4 Rf8 25. c3 Nf3+ 26. Kg2 Qf7 27. Rf4 Qxf4
28. Bxf4 Rxf4 29. Qxf3 Rxf3 30. Kxf3 a5 31. Rc1 Kf7 32. Rc2 Ke7 33. Ke3 Kd7 34.
f4 Bf6 35. g5 Bg7 36. Kf3 e5 37. c4 a4 38. b3 a3 39. h5 exf4 40. Kxf4 Be5+ 41.
Kg4 Ke7 42. Rf2 Bd4 43. Rf3 Be5 44. Rf1 Bg7 45. Kf4 Ke6 46. Ke4 gxh5 47. Rh1 h6
48. Rxh5 hxg5 49. Rxg5 Be5 50. Rg6+ Bf6 51. Rh6 Kf7 52. Kd5 1-0

[Event "XXVI Festival Conca della Presolana A"]
[Site "Bratto - Castione della Presolana ITA"]
[Date "2006.08.24"]
[Round "6"]
[White "Mazzariol, Oscar"]
[Black "Pulvirenti, Gianni"]
[Result "1/2-1/2"]
[WhiteElo "2066"]
[BlackElo "1970"]
[PlyCount "123"]
[EventDate "2006.08.19"]

1. e4 g6 2. d4 Bg7 3. Nc3 c6 4. Be3 d6 5. Bc4 Qc7 6. a4 a5 7. f3 Na6 8. Nge2
Nb4 9. Qd2 Bd7 10. Nf4 e6 11. d5 e5 12. dxc6 bxc6 13. Nfe2 Be6 14. Bb3 Ne7 15.
O-O O-O 16. f4 Bxb3 17. cxb3 f5 18. Rac1 Qd8 19. Rfd1 fxe4 20. Nxe4 d5 21. Qe1
Qb8 22. Nc5 Qd6 23. Bd2 Rab8 24. fxe5 Bxe5 25. Ng3 Nf5 26. Bxb4 Rxb4 27. Nce4
Qb8 28. Ng5 Nxg3 29. hxg3 Qd6 30. Rxc6 Qxc6 31. Qxe5 Re8 32. Qxd5+ Qxd5 33.
Rxd5 Rxb3 34. Rd7 Re2 35. Nxh7 Rb6 36. b3 Rbe6 37. Ng5 Re7 38. Rd5 R2e5 39.
Rd8+ Kg7 40. Nf3 Re3 41. Rd5 Ra7 42. Rb5 Ree7 43. Nd4 Rad7 44. Nc6 Re2 45. Rxa5
Rdd2 46. Kh2 Rxg2+ 47. Kh3 Rh2+ 48. Kg4 Rd6 49. Rc5 Rh5 50. Rc4 Kf6 51. b4 Rg5+
52. Kf4 Rd1 53. g4 Rf1+ 54. Ke3 Rg1 55. a5 Ra1 56. Kd3 Ra3+ 57. Kc2 Rd5 58. Kb2
Rdd3 59. Kc2 Rg3 60. Kb2 Rgb3+ 61. Kc2 Rg3 62. Kb2 1/2-1/2

[Event "XXVI Festival Conca della Presolana A"]
[Site "Bratto - Castione della Presolana ITA"]
[Date "2006.08.24"]
[Round "6"]
[White "Meng, Jean-Philippe"]
[Black "Andreoli, Renato"]
[Result "0-1"]
[WhiteElo "2058"]
[BlackElo "2137"]
[PlyCount "30"]
[EventDate "2006.08.19"]

1. e4 e5 2. Bc4 Nc6 3. Nf3 Bc5 4. c3 Nf6 5. b4 Bb6 6. Qe2 O-O 7. O-O d5 8. exd5
Nxd5 9. Nxe5 Nf4 10. Qe4 Nxe5 11. Qxf4 Nxc4 12. Qxc4 Be6 13. Qe4 Re8 14. d3 Qd7
15. Bf4 Bd5 0-1

[Event "XXVI Festival Conca della Presolana A"]
[Site "Bratto - Castione della Presolana ITA"]
[Date "2006.08.24"]
[Round "6"]
[White "Mogranzini, Roberto"]
[Black "Shytaj, Luca"]
[Result "1/2-1/2"]
[WhiteElo "2352"]
[BlackElo "2433"]
[PlyCount "86"]
[EventDate "2006.08.19"]

1. e4 c5 2. Nf3 d6 3. Bb5+ Nd7 4. d4 Ngf6 5. Nc3 cxd4 6. Qxd4 e5 7. Qd3 h6 8.
Be3 a6 9. Bc4 Qc7 10. a4 Nc5 11. Bxc5 Qxc5 12. O-O Be6 13. Bxe6 fxe6 14. Nh4
Kf7 15. Kh1 g5 16. Nf3 Rc8 17. Nd2 Be7 18. a5 Rhf8 19. Qe2 Kg6 20. Ra4 h5 21.
Nc4 Nd7 22. Ne3 Nb8 23. Rfa1 Nc6 24. Rc4 Qa7 25. Qd2 Nd4 26. Rxc8 Rxc8 27. Na4
Rf8 28. Nb6 Rf7 29. b4 Qb8 30. Rd1 Qc7 31. c3 Nb5 32. Rc1 Qc6 33. Qa2 Rf6 34.
f3 Bd8 35. Nbc4 Bc7 36. Qc2 Kg7 37. Qd3 Rf8 38. Rd1 Rd8 39. Qd2 Kf7 40. Qd3 Rg8
41. h3 Ke7 42. Rc1 Rd8 43. Rd1 Rg8 1/2-1/2

[Event "XXVI Festival Conca della Presolana A"]
[Site "Bratto - Castione della Presolana ITA"]
[Date "2006.08.24"]
[Round "6"]
[White "Napoli, Nicolo'"]
[Black "Fierro Baquero, Martha Lorena"]
[Result "0-1"]
[WhiteElo "2216"]
[BlackElo "2314"]
[PlyCount "122"]
[EventDate "2006.08.19"]

1. e4 c6 2. d4 g6 3. Nc3 Bg7 4. Nf3 d6 5. Bc4 Nf6 6. Qe2 O-O 7. O-O d5 8. Bd3
Bg4 9. e5 Nfd7 10. h3 Bxf3 11. Qxf3 e6 12. Qg3 c5 13. Bg5 Qb6 14. Na4 Qb4 15.
Nxc5 Nxc5 16. dxc5 Nc6 17. f4 Qxb2 18. Qf2 Rab8 19. Rab1 Qa3 20. Rb5 a6 21. Rb6
Rfc8 22. Rb3 Qa5 23. f5 Qc7 24. Bf6 Nxe5 25. Bxg7 Kxg7 26. f6+ Kh8 27. Kh1 Qxc5
28. Qf4 Nxd3 29. Rxd3 Rg8 30. Qg5 Rbc8 31. Rf4 d4 32. Qg3 e5 33. Rh4 g5 34. Rh5
Rg6 35. Kh2 Rcg8 36. c3 Rxf6 37. Rxg5 Rxg5 38. Qxg5 Rg6 39. cxd4 Qxd4 40. Rxd4
Rxg5 41. Rd7 Kg7 42. Rxb7 Rg6 43. Re7 Kf6 44. Ra7 Kg7 45. Re7 Rg5 46. g4 h5 47.
gxh5 Rxh5 48. Kg3 Kf8 49. Ra7 Rh6 50. Kg4 Rf6 51. h4 Kg7 52. a3 Kg6 53. Kg3 e4
54. Re7 Rf3+ 55. Kg2 f5 56. Re6+ Kh5 57. Rxa6 Kxh4 58. Ra8 Kg4 59. a4 e3 60.
Re8 Rf2+ 61. Kg1 Kf3 0-1